000 00620nam a22002297a 4500
003 UA-OsUOA
001 38991
007 ta
008 20080303b un ||||| |||| 00| 0 ukr d
100 _aЖегуц І.
090 _a94(477).15
_bЖ46
942 _cBK
040 _aUA-OsUOA
_bukr
_cUA-OsUOA
_dUA-OsUOA
245 _aВізія України в нашій еміграційній мемуаристиці
300 _a148 с.
955 _a1
041 _aukr
080 _a94(477).15
260 _aЛьвів
_c2003
650 7 _a9 Географія. Біографії. Історія
_2UDC
999 _c437501
_d437501